市町村クイズ - 九州地方 ver. - Statistics

General Stats
  • This quiz has been taken 257 times
  • The average score is 148 of 274
Answer Stats
都道府県 Answer % Correct
福岡県 北九州市
96%
福岡市
94%
久留米市
85%
大分県 大分市
85%
別府市
84%
宮崎県 宮崎市
84%
佐賀県 佐賀市
83%
大牟田市
82%
みやこ町
82%
長崎県 長崎市
82%
鹿児島県 鹿児島市
82%
田川市
81%
八女市
80%
熊本県 熊本市
80%
八代市
80%
沖縄県 那覇市
80%
糸島市
79%
天草市
79%
東村
79%
佐世保市
78%
阿蘇市
78%
薩摩郡 さつま町
78%
島原市
76%
玉名市
76%
太宰府市
75%
唐津市
75%
鳥栖市
75%
諫早市
75%
松浦市
74%
朝倉市
73%
水俣市
73%
都城市
73%
薩摩川内市
73%
霧島市
73%
沖縄市
73%
飯塚市
72%
伊万里市
72%
大村市
72%
五島市
72%
日向市
72%
出水市
72%
行橋市
71%
宗像市
71%
対馬市
71%
壱岐市
71%
南島原市
71%
中津市
71%
日田市
71%
国東市
71%
奄美市
71%
嬉野市
70%
日南市
70%
柳川市
69%
武雄市
69%
佐伯市
69%
由布市
69%
延岡市
69%
豊前市
68%
遠賀町
68%
雲仙市
68%
菊池市
68%
宇土市
68%
上天草市
68%
益城町
68%
球磨村
68%
豊後高田市
68%
指宿市
68%
南九州市
68%
筑後市
67%
神埼市
67%
人吉市
67%
直方市
66%
筑紫野市
66%
神埼郡 吉野ヶ里町
66%
南阿蘇村
66%
臼杵市
66%
えびの市
66%
枕崎市
66%
石垣市
66%
宮古島市
66%
大野城市
65%
西海市
65%
宇佐市
65%
春日市
64%
西松浦郡 有田町
64%
豊後大野市
64%
小林市
64%
鹿屋市
64%
南さつま市
64%
志布志市
64%
姶良市
64%
宇城市
63%
竹田市
63%
うきは市
62%
粕屋町
62%
平戸市
62%
荒尾市
62%
杵築市
62%
西臼杵郡 高千穂町
62%
福津市
61%
鞍手町
61%
名護市
61%
うるま市
61%
与那国町
61%
大川市
60%
みやま市
60%
玖珠町
60%
いちき串木野市
60%
津久見市
59%
西之表市
59%
宜野湾市
59%
糸満市
59%
古賀市
58%
鹿島市
58%
小郡市
57%
宮若市
57%
赤村
57%
築上町
57%
東松浦郡 玄海町
57%
南松浦郡 新上五島町
57%
玖珠郡 九重町
57%
串間市
57%
曽於市
57%
熊毛郡 中種子町
57%
南種子町
57%
屋久島町
57%
東国東郡 姫島村
56%
中間市
55%
多久市
55%
三養基郡 基山町
55%
東彼杵郡 東彼杵町
55%
天草郡 苓北町
55%
阿久根市
55%
垂水市
55%
水巻町
54%
みやき町
54%
菊陽町
54%
小国町
54%
西都市
54%
十島村
54%
豊見城市
54%
葦北郡 芦北町
53%
嘉麻市
52%
那珂川市
52%
小城市
52%
山鹿市
52%
合志市
52%
阿蘇郡 南小国町
52%
南大東村
52%
八重山郡 竹富町
52%
京都郡 苅田町
51%
肝付町
51%
国頭郡 国頭村
51%
北大東村
51%
新宮町
50%
あさぎり町
50%
速見郡 日出町
50%
南大隅町
50%
浦添市
50%
志免町
49%
時津町
49%
佐々町
49%
与論町
49%
南城市
49%
朝倉郡 筑前町
48%
伊佐市
48%
鹿児島郡 三島村
48%
徳之島町
48%
中頭郡 読谷村
48%
中城村
48%
遠賀郡 芦屋町
47%
築上郡 吉富町
47%
日置市
47%
糟屋郡 宇美町
46%
波佐見町
46%
菊池郡 大津町
46%
三井郡 大刀洗町
45%
江北町
45%
西彼杵郡 長与町
45%
長洲町
45%
瀬戸内町
45%
喜界町
45%
恩納村
45%
金武町
45%
北谷町
45%
篠栗町
44%
北松浦郡 小値賀町
44%
玉名郡 玉東町
44%
児湯郡 高鍋町
44%
藤津郡 太良町
43%
産山村
43%
高森町
43%
西原村
43%
球磨郡 錦町
43%
大島郡 大和村
43%
西原町
43%
岡垣町
42%
東峰村
42%
上毛町
42%
久山町
41%
杵島郡 大町町
41%
南関町
41%
五木村
41%
椎葉村
41%
久米島町
41%
嘉穂郡 桂川町
40%
宇検村
40%
八女郡 広川町
39%
日之影町
39%
出水郡 長島町
39%
今帰仁村
39%
嘉手納町
39%
北中城村
39%
島尻郡 与那原町
39%
南風原町
39%
須恵町
38%
糸田町
38%
白石町
38%
川棚町
38%
和水町
38%
都農町
38%
宜野座村
38%
伊江村
38%
宮古郡 多良間村
38%
三潴郡 大木町
37%
龍郷町
37%
添田町
36%
川崎町
36%
新富町
36%
和泊町
36%
知名町
36%
渡嘉敷村
36%
渡名喜村
36%
田川郡 香春町
35%
八代郡 氷川町
35%
錦江町
35%
天城町
35%
本部町
35%
伊平屋村
35%
伊是名村
35%
上峰町
34%
嘉島町
34%
山都町
34%
津奈木町
34%
北諸県郡 三股町
34%
西米良村
34%
川南町
34%
肝属郡 東串良町
34%
湯前町
33%
綾町
33%
大任町
32%
下益城郡 美里町
32%
多良木町
32%
西諸県郡 高原町
32%
姶良郡 湧水町
32%
曽於郡 大崎町
32%
伊仙町
32%
上益城郡 御船町
31%
相良村
31%
東諸県郡 国富町
31%
諸塚村
31%
五ヶ瀬町
31%
粟国村
31%
水上村
30%
東臼杵郡 門川町
30%
座間味村
30%
鞍手郡 小竹町
29%
福智町
29%
八重瀬町
29%
大宜味村
27%
木城町
25%
美郷町
25%
甲佐町
24%
山江村
22%
No matching quizzes found
Score Distribution
Percent of People with Each Score
Percentile by Number Answered
Your Score History
You have not taken this quiz